Finančná analýza vybraného podniku v SR bakalárska práca

Salvato in:
Dettagli Bibliografici
Autore principale: Drenková, Darina
Ente Autore: Podnikovohospodárska fakulta EU so sídlom v Košiciach. Katedra finančného riadenia podniku
Altri autori: Beslerová, Stela
Natura: Libro
Lingua:slovacco
Pubblicazione: Košice 2016
Tags: Aggiungi Tag
Nessun Tag, puoi essere il primo ad aggiungerne!!

MARC

LEADER 00000nbm a2200000 4500
001 0217644
005 20161212135846.9
041 0 |a slo 
044 |a SK 
245 1 0 |a Finančná analýza vybraného podniku v SR  |b bakalárska práca  |c Darina Drenková ; školiteľ: Stela Beslerová 
264 1 |a Košice  |c 2016 
300 |a 58 s. 
100 1 |a Drenková, Darina 
700 1 |a Beslerová, Stela 
710 2 |a Podnikovohospodárska fakulta EU so sídlom v Košiciach. Katedra finančného riadenia podniku